Intellectual disabilituy: understanding its development, causes, classification, evaluation and treatment (Record no. 5459)

MARC details
000 -LEADER
fixed length control field 00673nam a22002177a 4500
003 - CONTROL NUMBER IDENTIFIER
control field OSt
005 - DATE AND TIME OF LATEST TRANSACTION
control field 20170117182801.0
008 - FIXED-LENGTH DATA ELEMENTS--GENERAL INFORMATION
fixed length control field 170117b xxu||||| |||| 00| 0 eng d
020 ## - INTERNATIONAL STANDARD BOOK NUMBER
International Standard Book Number 9780195178852
020 ## - INTERNATIONAL STANDARD BOOK NUMBER
International Standard Book Number 0195178858
040 ## - CATALOGING SOURCE
Transcribing agency DMLN
082 ## - DEWEY DECIMAL CLASSIFICATION NUMBER
Classification number MW300 H24i 2006
100 ## - MAIN ENTRY--PERSONAL NAME
Personal name Harris, James C.
9 (RLIN) 11405
245 ## - TITLE STATEMENT
Title Intellectual disabilituy: understanding its development, causes, classification, evaluation and treatment
260 ## - PUBLICATION, DISTRIBUTION, ETC. (IMPRINT)
Name of publisher, distributor, etc. Oxford University Press, 2006
300 ## - PHYSICAL DESCRIPTION
Extent x,429p; ill: 25cm
504 ## - BIBLIOGRAPHY, ETC. NOTE
Bibliography, etc References, appendices, & index included
650 ## - SUBJECT ADDED ENTRY--TOPICAL TERM
Topical term or geographic name as entry element Intellectual Disability
9 (RLIN) 11406
650 ## - SUBJECT ADDED ENTRY--TOPICAL TERM
Topical term or geographic name as entry element Mental disorder
9 (RLIN) 11407
942 ## - ADDED ENTRY ELEMENTS (KOHA)
Source of classification or shelving scheme Other/Generic Classification Scheme
Koha item type Open Shelf
Holdings
Withdrawn status Lost status Source of classification or shelving scheme Damaged status Not for loan Home library Current library Date acquired Source of acquisition Inventory number Total Checkouts Full call number Barcode Date last seen Koha item type
    Other/Generic Classification Scheme     MUST Main Library MUST Main Library 17/01/2017   09/31255   WM300 H24i 2006 2017-0029 17/01/2017 Open Shelf